000 00459nam a2200157 i 4500
001 99307
003 ES-MaACL
005 20230906182457.0
007 t|
008 050906s1964 sp ||||1| spa d
100 1 _aMartín Sánchez, Benjamín.
_977643
245 1 0 _aCódigo del seminarista... /
_cDr. Benjamín Martín Sánchez.
260 _aMadrid :
_bApostolado de la Prensa,
_c1964.
300 _a94 p. ;
_c16 cm.
852 _aES-MaACL
_jC-28370
_bR.57220
999 _c99307
_d99307